Escritura creativa /
Obra que presenta técnicas para encontrar las ideas básicas para escribir cualquier tipo de texto, fundamentadas en los descubrimientos de la dualidad del funcionamiento cerebral de Roger Wolcott Sperry, Premio Nobel 1981.
Guardado en:
| Autor principal: | |
|---|---|
| Formato: | Libro |
| Idioma: | Español |
| Publicado: |
Madrid, España :
EDAF,
1993, c1993
|
| Colección: | (Autoaprendizaje ;
3) |
| Temas: | |
| Etiquetas: |
Sin etiquetas, Sé el primero en etiquetar este registro!
|
MARC
| LEADER | 00000nam^a2200000^a^4500 | ||
|---|---|---|---|
| 001 | 000336631 | ||
| 005 | 20250521000000.0 | ||
| 009 | 20260310114306.735 | ||
| 020 | |a 84-7640-661-4 | ||
| 037 | |a Acervo ITESO - Biblioteca | ||
| 041 | |a ESP | ||
| 082 | |a 809. |b TIM | ||
| 100 | |a Timbal-Duclaux, Louis |e (autor) | ||
| 245 | 1 | 0 | |a Escritura creativa / |c L. Timbal-Duclaux ; tr. por M. Asensio Moreno. |
| 264 | 4 | |a Madrid, España : |b EDAF, |c 1993, c1993 | |
| 300 | |a 302 p. | ||
| 336 | |a texto |b txt |2 rdacontenido | ||
| 337 | |a sin mediación |b n |2 rdamedio | ||
| 338 | |a volumen |b nc |2 rdasoporte | ||
| 440 | 1 | |a (Autoaprendizaje ; |v 3) | |
| 500 | |a Traducción de: L'écriture creative | ||
| 520 | |a Obra que presenta técnicas para encontrar las ideas básicas para escribir cualquier tipo de texto, fundamentadas en los descubrimientos de la dualidad del funcionamiento cerebral de Roger Wolcott Sperry, Premio Nobel 1981. | ||
| 649 | |a XX | ||
| 650 | |a Inspiración (Arte) | ||
| 650 | |a Creación (Literaria, Artística, etc.) - |x Metodología - |x Tema Principal | ||
| 650 | |a Comunicación Escrita - |x Técnica | ||
| 650 | |a Literatura - |x Metodología - |x Tema Principal | ||
| 650 | |a Literatura - |x Estudio y Enseñanza | ||
| 650 | |a Literatura - |x Teoría | ||
| 910 | |a Fondo General | ||
| 920 | |a Impresos - Libros | ||
| 930 | |a Colección General | ||
| 940 | |a Literatura | ||
| 905 | |a 101 | ||
| 901 | |a 0500226460 |b IT1 |c LIT |i D61972 |u 20250521 | ||
| 902 | |a https://opac.biblio.iteso.mx/vufind/Record/000336631 | ||